Relations between fiscal policy and regional income

Analýza nestabilného hospodárskeho vývoja v slovenských regiónoch. Vyrovnávanie spotreby v regiónoch. Empirické údaje. Ekonomické ukazovatele v regiónoch Slovenska. Európska menová únia a jej stabilizácia.

Gespeichert in:
Bibliographische Detailangaben
1. Verfasser: Ivaničová, Zlatica
Weitere Verfasser: Rublíková, Eva
Format: Buchkapitel
Sprache:Englisch
Schlagworte:
Tags: Tag hinzufügen
Keine Tags, Fügen Sie das erste Tag hinzu!

MARC

LEADER 00000naa$a2200000$$$4500
001 0157422
005 20240502072741.5
041 0 |a eng 
044 |a SK 
245 1 0 |a Relations between fiscal policy and regional income  |c Zlatica Ivaničová, Eva Rublíková 
520 |a Analýza nestabilného hospodárskeho vývoja v slovenských regiónoch. Vyrovnávanie spotreby v regiónoch. Empirické údaje. Ekonomické ukazovatele v regiónoch Slovenska. Európska menová únia a jej stabilizácia. 
610 2 0 |a politika fiškálna 
610 2 0 |a spotreba 
610 2 0 |a spotreba obyvateľstva 
610 2 0 |a ukazovatele ekonomické 
610 2 0 |a vývoj hospodársky 
610 2 0 |a regióny 
610 2 0 |a Slovensko 
100 1 |a Ivaničová, Zlatica 
700 1 |a Rublíková, Eva